000 01341nam a22002177a 4500
003 OSt
005 20260311012138.0
008 260311b |||||||| |||| 00| 0 eng d
020 _a9780448095325
040 _aDWCL GS lib
_cOC
082 _aFic. K26s 1974
100 _aKeene Carolyn
245 _aThe Scarlet Slipper Mystery
_cCarolyn Keene
260 _aNew York
_bCarolyn Keene
_c1954
300 _aExtent- vii, 179 pages:
_billustrations ;
_c20cm
520 _afollows teen detective Nancy Drew as she helps Centrovians Henri and Helene Fontaine, dance instructors in River Heights, who are threatened by enemies. When the siblings disappear, Nancy uncovers a smuggling ring using dancing slippers to hide stolen jewels, solving the mystery.
650 _a she uncovers a dangerous international conspiracy involving refugees, missing jewels, and a dancing school. The story highlights themes of independence, resourcefulness, and the Cold War-era tension of the 1950s, with Nancy navigating threats and kidnapping to solve the case.
650 _acourage, resilience, and the importance of helping others when they are in trouble. As an amateur sleuth, Nancy demonstrates that through wit, determination, and bravery, one can uncover the truth and overcome dangerous situations.
700 _aCarolyn Keene
942 _2ddc
_cFIC.
_n0
999 _c8914
_d8914